Základy verejných financií
Salvato in:
| Autore principale: | |
|---|---|
| Altri autori: | |
| Natura: | Libro |
| Lingua: | slovacco |
| Pubblicazione: |
Bratislava
Sprint vfra
2007
|
| Soggetti: | |
| Tags: |
Nessun Tag, puoi essere il primo ad aggiungerne!!
|
MARC
| LEADER | 00000nam$a2200000$$$4500 | ||
|---|---|---|---|
| 001 | 0056265 | ||
| 005 | 20240314093634.6 | ||
| 020 | |a 978-80-89085-84-2 | ||
| 041 | 0 | |a slo | |
| 044 | |a SK | ||
| 245 | 1 | 0 | |a Základy verejných financií |c Jozef Medveď, Juraj Nemec a kolektív |
| 264 | 1 | |a Bratislava |b Sprint vfra |c 2007 | |
| 300 | |a 269 s. | ||
| 610 | 2 | 0 | |a financie verejné |
| 610 | 2 | 0 | |a politika finančná |
| 610 | 2 | 0 | |a redistribúcia zdrojov finančných |
| 610 | 2 | 0 | |a makroekonomika |
| 610 | 2 | 0 | |a dlhy verejné |
| 610 | 2 | 0 | |a voľba verejná |
| 610 | 2 | 0 | |a rozpočet štátny |
| 610 | 2 | 0 | |a politika rozpočtová |
| 610 | 2 | 0 | |a príjmy rozpočtu štátneho |
| 610 | 2 | 0 | |a dane |
| 610 | 2 | 0 | |a výdavky verejné |
| 610 | 2 | 0 | |a Európska únia |
| 610 | 2 | 0 | |a Slovensko |
| 610 | 2 | 0 | |a politika fiškálna |
| 100 | 1 | |a Medveď, Jozef | |
| 700 | 1 | |a Nemec, Juraj | |